Central Library OPAC University of Rajshahi

Essays in monetary theory / (Record no. 45199)

MARC details
000 -LEADER
fixed length control field 01296nam a2200253 a 4500
001 - CONTROL NUMBER
control field 45199
003 - CONTROL NUMBER IDENTIFIER
rucl marc code BD-RjUL
005 - DATE AND TIME OF LATEST TRANSACTION
control field 20211209053958.0
008 - FIXED-LENGTH DATA ELEMENTS--GENERAL INFORMATION
fixed length control field 160724r19481940enk 000 0 eng c
035 ## - SYSTEM CONTROL NUMBER
System control number (BD-RjUL)45317
040 ## - CATALOGING SOURCE
Original cataloging agency New York. Public library
Transcribing agency TNJ
Modifying agency OCoLC
-- DLC
-- BD-RjUL
Language of cataloging eng
041 ## - LANGUAGE CODE
Language code of text/sound track or separate title eng
082 ## - DEWEY DECIMAL CLASSIFICATION NUMBER
Classification number 332.401
Edition number 23
Author mark and year ROE 1948
100 1# - MAIN ENTRY--PERSONAL NAME
Personal name Robertson, Dennis Holme,
Dates associated with a name 1890-1963.
9 (RLIN) 131774
245 00 - TITLE STATEMENT
Title Essays in monetary theory /
Statement of responsibility, etc. by D. H. Robertson.
260 ## - PUBLICATION, DISTRIBUTION, ETC. (IMPRINT)
Place of publication, distribution, etc. London :
Name of publisher, distributor, etc. P. S. King & son, ltd.,
Date of publication, distribution, etc. 1940, [Reprint 1948]
300 ## - PHYSICAL DESCRIPTION
Pagination ix, 234 p. ;
Size 22 cm.
505 0# - FORMATTED CONTENTS NOTE
Formatted contents note Mr. Keynes and the rate of interest.--Theories of banking policy.--The 1931 crisis.--Saving and hoarding.--Industrial fluctuation and the natural rate of interest.--A note on the theory of money.--The future of trade cycle theory.--The snake and the worm.--Effective demand and the multiplier.--The trade cycle--an academic view.--A survey of modern monetary controversy.--British monetary policy.--Six reviews.--Notes on international trade.--The future of international trade.--A visit to the Laccadive islands.
600 10 - SUBJECT ADDED ENTRY--PERSONAL NAME
Personal name Keynes, John Maynard,
Dates associated with a name 1883-1946.
650 #0 - SUBJECT ADDED ENTRY--TOPICAL TERM
Topical term or geographic name as entry element Money.
9 (RLIN) 138469
Topical term or geographic name as entry element Interest.
9 (RLIN) 138470
Topical term or geographic name as entry element Business cycles.
9 (RLIN) 138471
942 ## - ADDED ENTRY ELEMENTS (KOHA)
Source of classification or shelving scheme Dewey Decimal Classification
Koha item type Books
Holdings
Lost status Source of classification or shelving scheme Damaged status Not for loan Collection code Permanent Location Current Location Shelving location Date acquired Source of acquisition Cost, normal purchase price Total Checkouts Full call number Date last seen Copy number Koha item type
  Dewey Decimal Classification     Non-fiction Central Library, University of Rajshahi Central Library, University of Rajshahi   01/04/1957 simpkim Marshall 15.00   332.401 ROE 1948 24/07/2016 C-2 Books
  Dewey Decimal Classification   Not For Loan Non-fiction Central Library, University of Rajshahi Central Library, University of Rajshahi Reading Room 16/03/1963 Zeitlinger 24.00   332.401 ROE 1956 29/12/2016 C-1 Books